000 00477nam a22001697a 4500
005 20251108164225.0
008 250721s1981 xx 000 0 ara d
082 1 4 _a916/جود
100 1 _aهيكل، جودة حسنين
245 1 0 _aجامعة إفريقيا الإقليمية /
264 1 _aالقاهرة :
_bمنشأة المعارف،
_c1981.
300 _a524 ص
650 1 7 _aإفريقيا
650 1 7 _aالجغرافيا
942 _2ddc
_cBK
999 _c6800
_d6800